| 000 | 01846cam a22004214i 4500 | ||
|---|---|---|---|
| 999 |
_c64016 _d64016 |
||
| 001 | 4982903 | ||
| 003 | CO-MdFUSB | ||
| 005 | 20190202100511.0 | ||
| 008 | 981202t20001999nyu f b 001 0 eng | ||
| 010 | _a 98054362 | ||
| 020 | _a0195131932 (pbk. : alk. paper) | ||
| 020 | _a0195131924 (cloth : alk. paper) | ||
| 040 |
_aDLC _cCO-MdFUSB _dCO-MdFUSB _bspa _erda |
||
| 041 | _aeng | ||
| 042 | _apcc | ||
| 082 | 0 | 0 |
_221 _aG 230.01 _bP714w |
| 100 | 1 |
_aPlantinga, Alvin. _eautor |
|
| 245 | 0 | 0 |
_aWarranted Christian belief _c/ Alvin Plantinga. |
| 264 | 1 |
_aNew York : _bOxford University Press, _c℗1999 |
|
| 264 | 4 | _c©2000 | |
| 300 |
_axx, 508 páginas : _c24 cm. |
||
| 336 |
_2rdacontent _a1 _ba1 |
||
| 337 |
_2rdamedia _a2 _b5 |
||
| 338 |
_2rdacarrier _a2 _b5 |
||
| 504 | _aIncluye índice (páginas. 500- 508) | ||
| 505 |
_tParte I. ¿Hay una pregunta? _aKant: ¿dos mundos o uno? -- ¿Argumentos o razón? -- Kaufman y Hick. |
||
| 505 |
_tParte II. ¿Cuál es la pregunta? _aJustificación y la imagen clásica -- Evidencialimso clásico, deontologismo y fundamentalismo -- Racionalismo -- Racionalidad práctica Alstoniana -- La denuncia de Freud y Marx. |
||
| 505 |
_tParte III. La razón de la creencia cristiana: _aLa razón de creer en Dios -- El pecado y sus consecuencias cognitivas -- El modelo Aquinas / Calvino: revelado a nuestras mentes -- El modelo testimonial -- Objeciones. |
||
| 505 |
_tParte IV. ¿Vencedores? _aVencedores y perdedores -- Dos (o más) tipos de eruditos de la escritura -- Posmodernidad y pluralismo -- Sufrimiento y mal. |
||
| 650 | 7 |
_aApologética _9187 |
|
| 650 | 7 |
_aFilosofía y religión _2 _9198 |
|
| 650 | 7 |
_aFe y razón _9532 |
|
| 906 |
_a7 _bcbc _corignew _d1 _eocip _f19 _gy-gencatlg |
||
| 942 | _cBK | ||